| 000 | 00496nam a22001817a 4500 | ||
|---|---|---|---|
| 003 | CEME | ||
| 005 | 20210628205110.0 | ||
| 008 | 210120b xxu||||| |||| 00| 0 eng d | ||
| 020 | _a0-07-143786-X | ||
| 040 | _c. | ||
| 082 | _a621.3815 YEO | ||
| 100 |
_aYeo, Kiat-Seng, Roy, Kaushik _973889 |
||
| 245 | _aLow voltage, low power vlsi subsystems | ||
| 260 |
_aNEW YORK _bMCGRAW HILL _c2005 |
||
| 300 | _aXIX,293 P | ||
| 650 |
_aLOW VOLTAGE. LOW POWER VLSI SUBSYSTEMS _973890 |
||
| 942 |
_cBK _2ddc |
||
| 999 |
_c579509 _d579509 |
||